01162cam a2200313 a 450000100100000000500170001000800410002703500190006804000330008704100380012004200120015805000180017008200150018810000280020324000650023124501220029626000340041830000210045249000400047353400870051365000290060065100340062965000250066365000260068865000210071470000300073570000410076583000420080600001432820200929163557.0760401s1948 ag 001 0 spa d a(OCoLC)2085150 aDO-SdBNPcTxU-DadOCoLCdDLC17aspahfre2código de idioma Marc apremarc00aHD8045b.C317 annnbC244t1 aCapitan, L.d1854-1929.17aLe travail en Amérique avant et après Colomb.lfrancés13aEl trabajo en América :bantes y después de Colón /cL. Capitan y Henri Lorin ; traducido por Augusto Cortazar. aBuenos Aires :bArgos,c1948. a367 p. ;c21 cm.1 aBiblioteca Argos. Historia y viajes aTítulo del original francéstLe travail en Amérique avant et après Colomb. 0aLaborzAmericaxHistory. 0aAmericaxIndustriesxHistory. 0aIndiansxIndustries. 0aIndiansxAntiquities. 0aSlaveryzAmerica1 aLorin, Henri,d1866-1932,1 aCortazar, Augusto Raúl,d1910-etr 0aBiblioteca Argos. Historia y viajes ;